Alle Spieler von Werder Bremen seit 00/01 - Statistiken

Allgemein
  • Dieses Quiz wurde 146 mal gespielt
  • Das Durchschnittsergebnis liegt bei 84 aus 246
Antwortstatistiken
SV Werder Bremen % Korrekt
Diego
96%
Ailton
92%
Tim Wiese
91%
Miroslav Klose
90%
Mesut Özil
87%
Michael Zetterer
86%
Per Mertesacker
86%
Tim Borowski
86%
Frank Baumann
83%
Marvin Ducksch
83%
Naldo
83%
Torsten Frings
83%
Johan Micoud
82%
Niclas Füllkrug
82%
Clemens Fritz
79%
Ivan Klasnic
79%
Mitchell Weiser
79%
Jiri Pavlenka
78%
Max Kruse
77%
Aaron Hunt
75%
Felix Agu
75%
Victor Boniface
74%
Claudio Pizarro
73%
Hugo Almeida
73%
Markus Rosenberg
73%
Romano Schmid
71%
Petri Pasanen
70%
Kevin De Bruyne
69%
Marko Marin
69%
Dominik Schmidt
68%
Isaac Schmidt
68%
Leonardo Bittencourt
68%
Marco Bode
68%
Niklas Schmidt
68%
Nils Petersen
68%
Marko Arnautovic
66%
Martin Harnik
66%
Serge Gnabry
66%
Fabian Ernst
65%
Sebastian Mielitz
65%
Andreas Reinke
64%
Carlos Alberto
64%
Marco Friedl
64%
Sebastian Prödl
64%
Daniel Jensen
62%
Frank Rost
62%
Jurica Vranjes
60%
Mio Backhaus
60%
Niklas Stark
60%
Christian Schulz
58%
Christian Vander
58%
Sebastian Boenisch
58%
Jaroslav Drobny
57%
Jens Stage
57%
Nick Woltemade
57%
Frank Fahrenhorst
56%
Mohamed Zidan
56%
Sandro Wagner
56%
Valerien Ismael
56%
Davie Selke
55%
Mladen Krstajic
55%
Pierre Wome
55%
Leon Andreasen
53%
Nuri Sahin
53%
Senne Lynen
52%
Patrick Owomoyela
51%
Peter Niemeyer
51%
Amos Pieper
48%
Franco Di Santo
47%
Zlatko Junuzovic
47%
Anthony Jung
45%
Felix Kroos
45%
Karim Coulibaly
45%
Keke Topp
45%
Ludovic Magnin
45%
Nelson Valdez
45%
Philipp Bargfrede
45%
Theodor Gebre Selassie
44%
Boubacar Sanogo
43%
Davy Klaassen
43%
Johannes Eggestein
43%
Marco Grüll
43%
Maximilian Eggestein
43%
Andre Silva
42%
Ludwig Augustinsson
42%
Roberto Silva
42%
Andreas Wolf
40%
Eljero Elia
40%
Felix Wiedwald
40%
Justin Njinmah
40%
Raphael Wolf
40%
Lukas Mai
39%
Milot Rashica
39%
Ömer Toprak
39%
Christian Groß
38%
Kevin Schindler
38%
Lukas Schmitz
38%
Naby Keita
38%
Thomas Delaney
38%
Yukinari Sugawara
38%
Angelos Charisteas
36%
Julian Malatini
36%
Karl Hein
36%
Mehmet Ekici
36%
Nico Pellatz
36%
Samuel Mbangula
36%
Dusko Tosic
35%
Olivier Deman
35%
Santiago Garcia
35%
Ulisses Garcia
35%
Cameron Puertas
32%
Koen Casteels
32%
Andreas Herzog
31%
Josh Sargent
31%
Marnon Busch
31%
Eren Dinkci
30%
Jovan Milosevic
30%
Luca Caldirola
30%
Michael Lang
30%
Milos Veljkovic
30%
Niklas Andersen
30%
Wesley
30%
Fin Bartels
29%
Ilia Gruev
29%
Niklas Moisander
29%
Oliver Burke
29%
Sokratis
29%
Yuya Osako
29%
Lamine Sane
27%
Patrice Covic
27%
Simon Rolfes
27%
Rafael Borre
26%
Amaury Bischoff
25%
Anthony Ujah
25%
Assani Lukimya
25%
Jannik Vestergaard
25%
Maximilian Wöber
25%
Skelly Alvero
25%
Ümit Davala
25%
Derrick Köhn
23%
Manuel Friedrich
23%
Kevin Möhwald
22%
Ludovic Obraniak
22%
Papy Djilobodji
22%
Paul Stalteri
22%
Aron Johannsson
21%
Cedric Makiadi
21%
Jean Manuel Mbom
21%
Mikael Silvestre
21%
Sebastian Langkamp
21%
Tom Trybull
21%
Aleksandar Ignjovski
19%
Florian Kainz
19%
Levent Aycicek
19%
Markus Daun
19%
Robert Bauer
19%
Alejandro Galvez
18%
Dieter Eilts
18%
Frank Verlaat
18%
Lee Buchanan
18%
Lennart Thy
18%
Florian Grillitsch
17%
Isak Hansen-Aaroen
17%
Izet Hajrovic
17%
Krisztian Lisztes
17%
Nicolai Rapp
17%
Stefanos Kapino
17%
Dawid Kownacki
16%
Florian Trinks
16%
Ishak Belfodil
16%
Laszlo Kleinheisler
16%
Luca Plogmann
16%
Melvyn Lorenzen
16%
Ousman Manneh
16%
Pascal Borel
16%
Tahith Chong
16%
Levin Öztunali
14%
Lukas Fröde
14%
Maximilian Philipp
14%
Raphael Wicky
14%
Richard Strebinger
14%
Sambou Yatabare
14%
Florian Hartherz
13%
Janek Sternberg
13%
Jerome Gondorf
13%
Kevin Vogt
13%
Roger Assale
13%
Denni Avdic
12%
Fabio Chiarodia
12%
Jelle Van Damme
12%
Joseph Akpala
12%
Leon Opitz
12%
Özkan Yildirim
12%
Alexandros Tziolis
10%
Marco Reich
10%
Pekka Lagerblom
10%
Aleksandar Stevanovic
9%
Andree Wiedener
9%
Francis Banecki
9%
Francois Affolter
9%
Gustavo Nery
9%
Ivica Banovic
9%
Johannes Wurtz
9%
Luca Zander
9%
Mateo Pavlovic
9%
Patrick Erras
9%
Predrag Stevanovic
9%
Rade Bogdanovic
9%
Dong-Gook Lee
8%
Issa Kabore
8%
Said Husejinovic
8%
Viktor Skrypnyk
8%
Abdenego Nankishi
6%
Aymen Abdennour
6%
Fallou Diagne
6%
John Jairo Mosquera
6%
Marcelo Moreno Martins
6%
Razundara Tjikuzu
6%
Stefan Blank
6%
Torsten Oehrl
6%
Bernhard Trares
5%
Björn Schierenbeck
5%
Christoph Dabrowski
5%
Holger Wehlage
5%
Jerome Polenz
5%
Joel Imasuen
5%
Leon Balogun
5%
Mike Barten
5%
Onur Ayik
5%
Thanos Petsos
5%
Luc Ihorst
4%
Martin Kobylanski
4%
Ole Käuper
4%
Oliver Hüsing
4%
Oscar Schönfelder
4%
Benjamin Goller
3%
Dejan Galjen
3%
Dirk Flock
3%
Jakub Wierzchowski
3%
Leon Guwara
3%
Marcel Hilßner
3%
Robert Paul
3%
Timo Perthel
3%
Dikeni Salifou
1%
Yuriy Maksymov
1%
Frank Löning
0%
Keine übereinstimmenden Quizze gefunden
Verteilung der Resultate
Anzahl Personen mit jedem Resultat
Perzentil nach korrekt beantworteten Fragen
Ihre Resultats-Entwicklung
Sie haben dieses Quiz noch nicht gespielt